000 00538nam a22001937a 4500
008 150921b xxu||||| |||| 00| 0 eng d
020 _a0324002262
041 0 _aeng
080 _a658.15
100 1 _aHansen, Don R.
245 1 0 _aManagement accounting /
_cDon R. Hansen, Maryanne M. Mowen.
250 _a5th ed.
260 _aCincinnati :
_bSouth-Western College Publishing,
_c2000.
300 _axxiv, 850 f. :
_bme il.;
_c29 cm.
650 0 _aKontabilitet
650 0 _aMenaxhim
700 1 _aMowen, Maryanne M.
942 _2udc
_cBK
999 _c1151
_d1151